000 00661nam a2200289Ia 4500
005 20260324141142.0
008 008 260324s9999 xx 000 0 eng d
020 _a9780429130403
037 _aEBOOK
040 _aCRL
040 _beng
040 _cCRL
041 _2eng
041 _aeng
084 _qCRL
100 _aJames L. Vesper
_91207122
245 0 _aQuality and GMP Auditing
245 0 _bClear and Simple
260 _bTaylor and Francis
260 _c1997
365 _a
365 _b385
856 _uhttp://www.taylorfrancis.com/books/9780429130403
942 _cEBOOK
999 _c1809906
_d1809906